Γενικά στοιχεία λαογραφίας : τα λαϊκά μνημεία του λόγου, λογοτεχνία - λαογραφία
Αποθηκεύτηκε σε:
| Κύριος συγγραφέας: | |
|---|---|
| Μορφή: | Βιβλίο |
| Γλώσσα: | Greek |
| Δημοσίευση: |
Αθήναι :
Μέλισσα,
[1957]
|
| Θέματα: | |
| Ετικέτες: |
Προσθήκη ετικέτας
Δεν υπάρχουν, Καταχωρήστε ετικέτα πρώτοι!
|
MARC
| LEADER | 00000cam a2200000 i 4500 | ||
|---|---|---|---|
| 001 | 1/91720 | ||
| 008 | 080731s1957 gre d | ||
| 035 | |l 10099309 | ||
| 040 | |a GR-MY-UA |b gre |e aacr | ||
| 041 | 0 | |a gre | |
| 082 | 0 | |a 398.2 |2 (22) | |
| 100 | 1 | |a Παπαδήμας, Αδαμάντιος Δ., |d 1897-1987. | |
| 245 | 1 | 0 | |a Γενικά στοιχεία λαογραφίας : |b τα λαϊκά μνημεία του λόγου, λογοτεχνία - λαογραφία / |c Αδαμάντιου Δ. Παπαδήμα |
| 260 | |a Αθήναι : |b Μέλισσα, |c [1957] | ||
| 300 | |a 293 σ.; |c 21 εκ. | ||
| 504 | |a Περιλαμβάνει βιβλιογραφίες και ευρετήριο | ||
| 650 | 0 | 0 | |a Folklore |x Philosophy. |
| 650 | 0 | 0 | |a Literature and folklore. |
| 650 | 0 | 0 | |a Folk songs. |
| 650 | 0 | 0 | |a Oral tradition. |
| 852 | |a INST |b RHODES |c AKA |e 20080731 |h 398.2 ΠΑΠ |p 005400027587 |q 005400027587 |t BK |y 0 | ||
| 901 | |a BIBL4-2008-2 | ||
| 909 | |a Ρ |b 150909 | ||
| 970 | |a ΧΑΡΙΟΠΟΛΙΤΟΥ |b ΚΩΝΣΤΑΝΤΙΝΑ |z 2008/07/31 | ||